[Event "MT_Kubacek"]
[Site "?"]
[Date "2013.??.??"]
[Round "?"]
[White "Pressl, Ladislav"]
[Black "Fejfar, Vlastimil"]
[Result "0-1"]
[WhiteElo "1922"]
[BlackElo "2167"]
[PlyCount "46"]
[EventDate "2013.??.??"]
[EventType "corr"]
[EventRounds "2"]
[SourceDate "2010.08.23"]

1. d4 Nf6 2. c4 e6 3. Nc3 Bb4 4. e3 O-O 5. Bd3 d5 6. cxd5 exd5 7. Nge2 Re8 8.
O-O Bd6 9. Qc2 Nc6 10. a3 Be6 11. f3 a6 12. e4 dxe4 13. fxe4 Nxd4 14. Nxd4 Bc5
15. Kh1 Bxd4 16. Bg5 h6 17. Bh4 Qd6 18. Rad1 Ng4 19. Bg3 Qc6 20. Bf4 g5 21. h3
gxf4 22. hxg4 Bxg4 23. Rxf4 Qg6 0-1

[Event "MT_Kubacek"]
[Site "?"]
[Date "2013.??.??"]
[Round "?"]
[White "Svoboda, Josef"]
[Black "Urban, Miroslav"]
[Result "0-1"]
[WhiteElo "1898"]
[BlackElo "2386"]
[PlyCount "48"]
[EventDate "2013.??.??"]
[EventType "corr"]
[EventRounds "2"]
[SourceDate "2010.08.23"]

1. e4 e5 2. Nf3 Nc6 3. Bb5 a6 4. Ba4 Nf6 5. O-O Nxe4 6. d4 b5 7. Bb3 d5 8. dxe5
Be6 9. c3 Bc5 10. Nbd2 O-O 11. Qe2 Bf5 12. Nxe4 dxe4 13. Ng5 Nxe5 14. Nxe4 Bg4
15. Qd2 Qxd2 16. Bxd2 Bb6 17. Be3 Bxe3 18. fxe3 a5 19. a4 Rab8 20. Nd2 Rfd8 21.
Rf2 b4 22. cxb4 Rxb4 23. h3 Bd7 24. Nf3 Nxf3+ 0-1

[Event "MT_Kubacek"]
[Site "?"]
[Date "2013.??.??"]
[Round "?"]
[White "Stepan, Josef"]
[Black "Lucan, Zdenko"]
[Result "1-0"]
[WhiteElo "1859"]
[BlackElo "1593"]
[PlyCount "77"]
[EventDate "2013.??.??"]
[EventType "corr"]
[EventRounds "2"]
[SourceDate "2010.08.23"]

1. f4 d5 2. e3 Nf6 3. b3 e6 4. Bb2 Be7 5. Bd3 Nbd7 6. Nf3 c6 7. O-O O-O 8. Nc3
Nc5 9. Ne5 Nxd3 10. Nxd3 a6 11. Ne2 g6 12. Ng3 Ne4 13. Nxe4 dxe4 14. Ne5 Bf6
15. c4 Bxe5 16. Bxe5 f6 17. Bb2 f5 18. Qc2 h5 19. Rad1 Qd3 20. Qc3 Qxc3 21.
Bxc3 Rf7 22. d3 exd3 23. Rxd3 Bd7 24. Rfd1 Rd8 25. Ba5 Re8 26. Rxd7 b5 27. Rd8
Rxd8 28. Rxd8+ Kg7 29. Rc8 bxc4 30. bxc4 Rb7 31. Rc7+ Rxc7 32. Bxc7 Kf6 33. Kf2
Kf7 34. Ke2 Kf6 35. Kd3 g5 36. Kd4 a5 37. Kc5 gxf4 38. exf4 e5 39. Bxe5+ 1-0

[Event "MT_Kubacek"]
[Site "?"]
[Date "2013.??.??"]
[Round "?"]
[White "Ptacek, Jiri"]
[Black "Vins, Karel"]
[Result "1/2-1/2"]
[WhiteElo "1820"]
[BlackElo "1774"]
[PlyCount "50"]
[EventDate "2013.??.??"]
[EventType "corr"]
[EventRounds "2"]
[SourceDate "2010.08.23"]

1. c4 e5 2. Nc3 Nf6 3. e4 c6 4. g3 d5 5. exd5 cxd5 6. cxd5 Nxd5 7. Bg2 Nxc3 8.
bxc3 Qc7 9. Bb2 Nc6 10. Ne2 Bg4 11. O-O Bd6 12. Re1 O-O 13. Qc2 g6 14. d3 Rac8
15. a3 Bf5 16. Be4 Bxe4 17. dxe4 f6 18. Kg2 Bc5 19. Rf1 Rcd8 20. Rad1 Kg7 21.
Rxd8 Rxd8 22. Nc1 Na5 23. Nb3 Nxb3 24. Qxb3 Qb6 25. Qc2 Rd7 1/2-1/2

[Event "MT_Kubacek"]
[Site "?"]
[Date "2013.??.??"]
[Round "?"]
[White "Lucan, Zdenko"]
[Black "Ptacek, Jiri"]
[Result "0-1"]
[WhiteElo "1593"]
[BlackElo "1820"]
[PlyCount "48"]
[EventDate "2013.??.??"]
[EventType "corr"]
[EventRounds "2"]
[SourceDate "2010.08.23"]

1. e4 c5 2. c4 Nc6 3. Nf3 e5 4. Nc3 Nf6 5. d3 Be7 6. Nd5 O-O 7. Nxe7+ Qxe7 8.
Bg5 h6 9. Bxf6 Qxf6 10. Be2 d6 11. O-O Bg4 12. h3 Bxf3 13. Bxf3 Nd4 14. Be2
Rab8 15. b3 Qe7 16. g3 f5 17. exf5 Rxf5 18. Bg4 Rf6 19. Kg2 Rbf8 20. Rb1 Qf7
21. Rb2 g6 22. Bf3 Rxf3 23. g4 g5 24. a3 b6 0-1

[Event "MT_Kubacek"]
[Site "?"]
[Date "2013.??.??"]
[Round "?"]
[White "Urban, Miroslav"]
[Black "Stepan, Josef"]
[Result "1-0"]
[WhiteElo "2386"]
[BlackElo "1859"]
[PlyCount "77"]
[EventDate "2013.??.??"]
[EventType "corr"]
[EventRounds "2"]
[SourceDate "2010.08.23"]

1. c4 e5 2. Nc3 Nf6 3. g3 d5 4. cxd5 Nxd5 5. Bg2 Nb6 6. Nf3 Nc6 7. O-O Be7 8.
d3 O-O 9. Be3 Re8 10. Rc1 Bf8 11. Ne4 Nd4 12. Nc5 Nxf3+ 13. Bxf3 c6 14. Qb3
Bxc5 15. Bxc5 Be6 16. Qb4 Bd5 17. e4 Be6 18. Rfd1 Qc8 19. b3 Nd7 20. Be3 a5 21.
Qa3 Nf6 22. Bg2 Bh3 23. f3 Bxg2 24. Kxg2 Qe6 25. d4 Red8 26. dxe5 Qxe5 27.
Rxd8+ Rxd8 28. Qc5 Qxc5 29. Rxc5 Ra8 30. Re5 b5 31. Re7 h6 32. Rc7 Ra6 33. a4
g5 34. Bd4 Nh5 35. Kf2 Ng7 36. Rc8+ Kh7 37. Rf8 Kg6 38. f4 Ne6 39. f5+ 1-0

[Event "MT_Kubacek"]
[Site "?"]
[Date "2013.??.??"]
[Round "?"]
[White "Fejfar, Vlastimil"]
[Black "Svoboda, Josef"]
[Result "1-0"]
[WhiteElo "2167"]
[BlackElo "1898"]
[PlyCount "41"]
[EventDate "2013.??.??"]
[EventType "corr"]
[EventRounds "2"]
[SourceDate "2010.08.23"]

1. e4 e5 2. f4 exf4 3. Nf3 d6 4. d4 g5 5. h4 g4 6. Ng1 Nf6 7. Bxf4 Nxe4 8. Bd3
d5 9. Qe2 Nc6 10. Bxe4 dxe4 11. Nc3 Nxd4 12. Qxe4+ Ne6 13. Rd1 Bd7 14. Nd5 Bd6
15. Be5 f5 16. Qxf5 Bxe5 17. Qh5+ Kf8 18. Qxe5 Kf7 19. Ne2 Rf8 20. O-O+ Kg8 21.
Rxf8+ 1-0

[Event "MT_Kubacek"]
[Site "?"]
[Date "2013.??.??"]
[Round "?"]
[White "Goc, Pavel"]
[Black "Pressl, Ladislav"]
[Result "1-0"]
[WhiteElo "2142"]
[BlackElo "1922"]
[PlyCount "57"]
[EventDate "2013.??.??"]
[EventType "corr"]
[EventRounds "2"]
[SourceDate "2010.08.23"]

1. d4 Nf6 2. Nf3 d5 3. e3 Bg4 4. c4 e6 5. Qb3 Bxf3 6. Qxb7 Nbd7 7. gxf3 c5 8.
Nc3 cxd4 9. exd4 dxc4 10. Bxc4 Rc8 11. Bd3 Rc7 12. Qb5 Bd6 13. Ne4 Nxe4 14.
fxe4 e5 15. Bd2 exd4 16. Ba5 O-O 17. Bxc7 Bxc7 18. O-O-O Ne5 19. Kb1 Qf6 20.
Qc5 Bb6 21. Qc2 Qf4 22. Qe2 Rd8 23. h3 Bc7 24. Rhg1 Kh8 25. Rg3 Re8 26. Rc1
Nxd3 27. Qxd3 Qe5 28. Rf3 Re7 29. Rf5 1-0

[Event "MT_Kubacek"]
[Site "?"]
[Date "2013.??.??"]
[Round "?"]
[White "Smolka, Jan"]
[Black "Kyzlink, Vladimir"]
[Result "1-0"]
[WhiteElo "2134"]
[BlackElo "1923"]
[PlyCount "49"]
[EventDate "2013.??.??"]
[EventType "corr"]
[EventRounds "2"]
[SourceDate "2010.08.23"]

1. e4 e5 2. Nf3 Nc6 3. Bb5 a6 4. Bxc6 dxc6 5. O-O Qd6 6. Na3 b5 7. c3 c5 8. Nc2
Ne7 9. a4 Rb8 10. axb5 axb5 11. d4 Ng6 12. Nxe5 cxd4 13. cxd4 Nxe5 14. dxe5
Qxe5 15. Nd4 Bb7 16. Nf3 Qc5 17. Bf4 Rd8 18. Qe2 Qb6 19. Rfc1 c5 20. Be3 Rc8
21. b4 Be7 22. Ne5 Rc7 23. bxc5 Bxc5 24. Rxc5 Rxc5 25. Qg4 1-0

[Event "MT_Kubacek"]
[Site "?"]
[Date "2013.??.??"]
[Round "?"]
[White "Pressl, Ladislav"]
[Black "Smolka, Jan"]
[Result "0-1"]
[WhiteElo "1922"]
[BlackElo "2134"]
[PlyCount "42"]
[EventDate "2013.??.??"]
[EventType "corr"]
[EventRounds "2"]
[SourceDate "2010.08.23"]

1. d4 Nf6 2. c4 g6 3. Nc3 d5 4. cxd5 Nxd5 5. e4 Nxc3 6. bxc3 Bg7 7. f4 c5 8.
Bb2 cxd4 9. cxd4 Nc6 10. Ne2 Bg4 11. Qb3 O-O 12. e5 Be6 13. Qa4 Qd7 14. Ba3
Nxe5 15. Qxd7 Nxd7 16. Bxe7 Rfe8 17. Bd6 Rac8 18. Kd2 Nb6 19. Bb4 Nc4+ 20. Ke1
Ne3 21. Kf2 Bg4 0-1

[Event "MT_Kubacek"]
[Site "?"]
[Date "2013.??.??"]
[Round "?"]
[White "Svoboda, Josef"]
[Black "Goc, Pavel"]
[Result "0-1"]
[WhiteElo "1898"]
[BlackElo "2142"]
[PlyCount "90"]
[EventDate "2013.??.??"]
[EventType "corr"]
[EventRounds "2"]
[SourceDate "2010.08.23"]

1. e4 e5 2. Nf3 Nc6 3. Bc4 Nf6 4. d4 exd4 5. Nxd4 Ne5 6. Bb3 Bc5 7. Nc3 O-O 8.
Bg5 h6 9. Be3 d6 10. O-O Neg4 11. Bf4 Nh5 12. Be3 Nxe3 13. fxe3 Qg5 14. Qd2 c6
15. Rf2 Nf6 16. Raf1 Bg4 17. Qd3 Rad8 18. Rf4 Bb6 19. Qc4 Nd7 20. R1f2 Ne5 21.
Qf1 Rde8 22. Kh1 Re7 23. h3 Bc8 24. Nf3 Qh5 25. Nxe5 dxe5 26. R4f3 Ba5 27. Ne2
Qg6 28. Ng3 b5 29. Nf5 Bxf5 30. exf5 Qf6 31. Rg3 Kh8 32. e4 Rd7 33. c4 Rd4 34.
Qe2 bxc4 35. Bxc4 Rfd8 36. Rf1 Rd2 37. Qh5 R8d7 38. Rb3 Bb6 39. Be2 R7d4 40.
Qf3 Qh4 41. Bd3 c5 42. Bb1 c4 43. Rb4 Qf4 44. Qxf4 exf4 45. Kh2 Rd1 0-1

[Event "MT_Kubacek"]
[Site "?"]
[Date "2013.??.??"]
[Round "?"]
[White "Stepan, Josef"]
[Black "Fejfar, Vlastimil"]
[Result "0-1"]
[WhiteElo "1859"]
[BlackElo "2167"]
[PlyCount "46"]
[EventDate "2013.??.??"]
[EventType "corr"]
[EventRounds "2"]
[SourceDate "2010.08.23"]

1. d4 Nf6 2. Nc3 d5 3. Bg5 Nbd7 4. Nf3 e6 5. e4 h6 6. Bh4 g5 7. Bg3 Nxe4 8.
Nxe4 dxe4 9. Nd2 Bg7 10. h4 Bxd4 11. c3 Be5 12. Bxe5 Nxe5 13. Nxe4 Qxd1+ 14.
Rxd1 g4 15. Bb5+ Ke7 16. Ke2 b6 17. Rd2 Bb7 18. Rd4 c5 19. Ra4 a6 20. Bd3 Rhd8
21. Rd1 f5 22. Ng3 Bxg2 23. Rxa6 Bf3+ 0-1

[Event "MT_Kubacek"]
[Site "?"]
[Date "2013.??.??"]
[Round "?"]
[White "Ptacek, Jiri"]
[Black "Urban, Miroslav"]
[Result "0-1"]
[WhiteElo "1820"]
[BlackElo "2386"]
[PlyCount "48"]
[EventDate "2013.??.??"]
[EventType "corr"]
[EventRounds "2"]
[SourceDate "2010.08.23"]

1. c4 e5 2. Nc3 Nf6 3. g3 d5 4. cxd5 Nxd5 5. Bg2 Nb6 6. e4 Be7 7. Nf3 Nc6 8.
O-O Be6 9. d3 Qd7 10. Qe2 O-O 11. Be3 f6 12. Bxb6 axb6 13. a3 Rfd8 14. Rfd1 Bb3
15. Rd2 Bb4 16. Rc1 Ba5 17. Bf1 Nd4 18. Qe3 b5 19. Ne1 Be6 20. Rdd1 Bg4 21. f3
Bb6 22. Kh1 Nxf3 23. Qe2 Qd4 24. Qg2 Nxe1 0-1

[Event "MT_Kubacek"]
[Site "?"]
[Date "2013.??.??"]
[Round "?"]
[White "Vins, Karel"]
[Black "Lucan, Zdenko"]
[Result "1/2-1/2"]
[WhiteElo "1774"]
[BlackElo "1593"]
[PlyCount "62"]
[EventDate "2013.??.??"]
[EventType "corr"]
[EventRounds "2"]
[SourceDate "2010.08.23"]

1. e4 c6 2. d4 d5 3. Nc3 dxe4 4. Nxe4 e6 5. Nf3 Be7 6. Bd3 Nf6 7. h3 Nbd7 8.
O-O O-O 9. c4 Nxe4 10. Bxe4 Nf6 11. Bc2 Bd7 12. b3 h6 13. Be3 Nh7 14. Qd2 Ng5
15. Ne5 Be8 16. f4 Nh7 17. g4 f6 18. Bxh7+ Kxh7 19. Nf3 Kh8 20. Kg2 Rg8 21. Rh1
Kh7 22. Rag1 Bf7 23. Kf1 Rh8 24. h4 Kg8 25. g5 fxg5 26. hxg5 h5 27. Ne5 g6 28.
Kf2 Bd6 29. c5 Bxe5 30. dxe5 Qxd2+ 31. Bxd2 Be8 1/2-1/2

[Event "MT_Kubacek"]
[Site "?"]
[Date "2013.??.??"]
[Round "?"]
[White "Urban, Miroslav"]
[Black "Vins, Karel"]
[Result "1-0"]
[WhiteElo "2386"]
[BlackElo "1774"]
[PlyCount "55"]
[EventDate "2013.??.??"]
[EventType "corr"]
[EventRounds "2"]
[SourceDate "2010.08.23"]

1. c4 e5 2. Nc3 Nf6 3. g3 d5 4. cxd5 Nxd5 5. Bg2 Nxc3 6. bxc3 c6 7. Nf3 Bd6 8.
O-O O-O 9. d4 exd4 10. Nxd4 Be5 11. Qc2 h6 12. Rd1 Qf6 13. Ba3 Re8 14. f4 Bc7
15. e4 Bg4 16. e5 Qg6 17. Qxg6 fxg6 18. Rdb1 Bb6 19. Bd6 Nd7 20. h3 Bf5 21. Rb2
Nf8 22. a4 Ne6 23. a5 Bxd4+ 24. cxd4 Nd8 25. d5 Rc8 26. g4 Bd7 27. e6 Bxe6 28.
dxe6 1-0

[Event "MT_Kubacek"]
[Site "?"]
[Date "2013.??.??"]
[Round "?"]
[White "Fejfar, Vlastimil"]
[Black "Ptacek, Jiri"]
[Result "1-0"]
[WhiteElo "2167"]
[BlackElo "1820"]
[PlyCount "61"]
[EventDate "2013.??.??"]
[EventType "corr"]
[EventRounds "2"]
[SourceDate "2010.08.23"]

1. e4 c5 2. Nf3 d6 3. d4 cxd4 4. Nxd4 Nf6 5. Nc3 a6 6. Bg5 e6 7. f4 Be7 8. Qf3
Ng8 9. Qe3 Bxg5 10. fxg5 Ne7 11. O-O-O O-O 12. Nb3 Qc7 13. h4 Nbc6 14. h5 Ne5
15. h6 N7g6 16. Qh3 f6 17. hxg7 Qxg7 18. gxf6 Rxf6 19. Rxd6 Qe7 20. Rd4 Bd7 21.
Qg3 Raf8 22. Be2 R8f7 23. Rh5 Nc6 24. Rd1 Rg7 25. Bf3 Nf4 26. Rg5 Rxg5 27.
Qxg5+ Ng6 28. Rxd7 Qxd7 29. Qxf6 b6 30. Bg4 Nd8 31. Nd5 1-0

[Event "MT_Kubacek"]
[Site "?"]
[Date "2013.??.??"]
[Round "?"]
[White "Goc, Pavel"]
[Black "Stepan, Josef"]
[Result "1-0"]
[WhiteElo "2142"]
[BlackElo "1859"]
[PlyCount "43"]
[EventDate "2013.??.??"]
[EventType "corr"]
[EventRounds "2"]
[SourceDate "2010.08.23"]

1. e4 e5 2. Nf3 Nf6 3. d4 Nxe4 4. Bd3 d5 5. Nxe5 Nd7 6. Nxd7 Bxd7 7. O-O Bd6 8.
c4 c6 9. cxd5 cxd5 10. Qh5 O-O 11. Qxd5 Bc6 12. Qh5 g6 13. Qh3 Ng5 14. Bxg5
Qxg5 15. Nc3 Rfe8 16. Rad1 Rad8 17. Bc4 Bd7 18. Qf3 Rf8 19. Ne4 Qf4 20. Nxd6
Qxd6 21. Qxb7 Qb6 22. Qxb6 1-0

[Event "MT_Kubacek"]
[Site "?"]
[Date "2013.??.??"]
[Round "?"]
[White "Smolka, Jan"]
[Black "Svoboda, Josef"]
[Result "1-0"]
[WhiteElo "2134"]
[BlackElo "1898"]
[PlyCount "49"]
[EventDate "2013.??.??"]
[EventType "corr"]
[EventRounds "2"]
[SourceDate "2010.08.23"]

1. e4 e5 2. Nf3 Nf6 3. Nxe5 d6 4. Nf3 Nxe4 5. d4 d5 6. Bd3 Bd6 7. O-O O-O 8. c4
c6 9. Qc2 f5 10. Qb3 dxc4 11. Bxc4+ Kh8 12. Nc3 Nxc3 13. bxc3 f4 14. Re1 Nd7
15. Bd3 Nb6 16. c4 c5 17. dxc5 Bxc5 18. Re5 Bg4 19. Rxc5 Bxf3 20. gxf3 Qd4 21.
Rh5 Qxa1 22. Bxh7 g6 23. Bxg6+ Kg7 24. Qb5 Rf6 25. Rh7+ 1-0

[Event "MT_Kubacek"]
[Site "?"]
[Date "2013.??.??"]
[Round "?"]
[White "Kyzlink, Vladimir"]
[Black "Pressl, Ladislav"]
[Result "1-0"]
[WhiteElo "1923"]
[BlackElo "1922"]
[PlyCount "67"]
[EventDate "2013.??.??"]
[EventType "corr"]
[EventRounds "2"]
[SourceDate "2010.08.23"]

1. e4 e5 2. Nf3 Nc6 3. Bb5 a6 4. Ba4 Nf6 5. O-O b5 6. Bb3 Bb7 7. Re1 d6 8. c3
Be7 9. d4 O-O 10. h3 Re8 11. d5 Na5 12. Bc2 Nc4 13. a4 Nb6 14. axb5 axb5 15.
Rxa8 Qxa8 16. Qe2 c6 17. dxc6 Bxc6 18. Bd3 Qa5 19. b4 Qa7 20. Bxb5 Bxb5 21.
Qxb5 Rb8 22. Nbd2 Nbd5 23. Qc4 Nf4 24. Nf1 Ne6 25. Ne3 Qb7 26. Nd5 Bd8 27. Qd3
Qc6 28. Nh4 g6 29. Nf3 Ra8 30. Bb2 Ra2 31. Rb1 Nd7 32. c4 Nb6 33. c5 Na4 34.
Bc1 1-0

[Event "MT_Kubacek"]
[Site "?"]
[Date "2013.??.??"]
[Round "?"]
[White "Svoboda, Josef"]
[Black "Kyzlink, Vladimir"]
[Result "0-1"]
[WhiteElo "1898"]
[BlackElo "1923"]
[PlyCount "68"]
[EventDate "2013.??.??"]
[EventType "corr"]
[EventRounds "2"]
[SourceDate "2010.08.23"]

1. d4 Nf6 2. c4 c5 3. Nc3 cxd4 4. Qxd4 Nc6 5. Qd1 g6 6. Nf3 Bg7 7. e4 O-O 8.
Be2 d6 9. O-O Bg4 10. Be3 e6 11. Re1 Rc8 12. Bf4 Ne8 13. Rc1 Qa5 14. Bd2 Bxf3
15. Bxf3 Ne5 16. Be2 Nxc4 17. Nd5 Nxd2 18. Ne7+ Kh8 19. Rxc8 Bf6 20. Rc2 Nxe4
21. Nc8 d5 22. Bd3 Nc7 23. Bxe4 Rxc8 24. Bd3 Ra8 25. b4 Qb6 26. Qf3 Ne8 27. b5
e5 28. Be2 e4 29. Qf4 g5 30. Qg3 d4 31. Bg4 Nd6 32. Rb1 d3 33. Rd2 Nxb5 34.
Rbd1 Bc3 0-1

[Event "MT_Kubacek"]
[Site "?"]
[Date "2013.??.??"]
[Round "?"]
[White "Stepan, Josef"]
[Black "Smolka, Jan"]
[Result "0-1"]
[WhiteElo "1859"]
[BlackElo "2134"]
[PlyCount "32"]
[EventDate "2013.??.??"]
[EventType "corr"]
[EventRounds "2"]
[SourceDate "2010.08.23"]

1. c4 e5 2. g3 Nf6 3. Bg2 Nc6 4. Nc3 Bc5 5. e3 O-O 6. Nge2 a6 7. O-O d6 8. d4
Ba7 9. b3 Re8 10. d5 Ne7 11. Bb2 Bf5 12. e4 Bd7 13. Kh1 b5 14. cxb5 axb5 15. b4
Ng4 16. Bc1 Nxf2+ 0-1

[Event "MT_Kubacek"]
[Site "?"]
[Date "2013.??.??"]
[Round "?"]
[White "Ptacek, Jiri"]
[Black "Goc, Pavel"]
[Result "0-1"]
[WhiteElo "1820"]
[BlackElo "2142"]
[PlyCount "80"]
[EventDate "2013.??.??"]
[EventType "corr"]
[EventRounds "2"]
[SourceDate "2010.08.23"]

1. c4 e5 2. Nc3 Nc6 3. g3 g6 4. Bg2 Bg7 5. e4 d6 6. d3 f5 7. exf5 Bxf5 8. Ne4
Nge7 9. Bg5 h6 10. Bxe7 Qxe7 11. Ne2 O-O 12. O-O Rab8 13. Rb1 a5 14. a3 Qd7 15.
Qd2 b5 16. Rbc1 b4 17. f3 bxa3 18. bxa3 Rb3 19. Rc3 Rb7 20. g4 Be6 21. h4 a4
22. Rc2 Rb3 23. Ra1 Rfb8 24. Raa2 Ne7 25. Nc1 c6 26. Rcb2 Qa7+ 27. Kh2 d5 28.
Nxb3 axb3 29. Ra1 dxe4 30. fxe4 Bxg4 31. Bh3 Bxh3 32. Kxh3 Qd7+ 33. Kg3 Qd6 34.
a4 Nf5+ 35. Kh3 Nd4 36. Kg2 Qd7 37. Qf2 Rf8 38. Qg3 Rf3 39. Qxg6 Qh3+ 40. Kg1
Rg3+ 0-1

[Event "MT_Kubacek"]
[Site "?"]
[Date "2013.??.??"]
[Round "?"]
[White "Vins, Karel"]
[Black "Fejfar, Vlastimil"]
[Result "0-1"]
[WhiteElo "1774"]
[BlackElo "2167"]
[PlyCount "66"]
[EventDate "2013.??.??"]
[EventType "corr"]
[EventRounds "2"]
[SourceDate "2010.08.23"]

1. e4 e5 2. Nf3 Nc6 3. Bc4 Nf6 4. d3 Bc5 5. O-O a6 6. h3 d6 7. Bg5 h6 8. Be3
Bxe3 9. fxe3 Be6 10. Bxe6 fxe6 11. Nbd2 Qd7 12. Qe2 Rf8 13. c3 O-O-O 14. a3 g5
15. g4 Qg7 16. Rf2 h5 17. Nh2 hxg4 18. Nxg4 Nd7 19. Rxf8 Rxf8 20. Rf1 Rh8 21.
Rf3 d5 22. Kf1 Rd8 23. b4 Nb6 24. Nf2 Na4 25. Nd1 d4 26. c4 g4 27. hxg4 Qxg4
28. Ke1 dxe3 29. Rxe3 Qxe2+ 30. Kxe2 Nd4+ 31. Kf1 Nc2 32. Rf3 Nxa3 33. Nb3 Nxc4
0-1

[Event "MT_Kubacek"]
[Site "?"]
[Date "2013.??.??"]
[Round "?"]
[White "Lucan, Zdenko"]
[Black "Urban, Miroslav"]
[Result "0-1"]
[WhiteElo "1593"]
[BlackElo "2386"]
[PlyCount "48"]
[EventDate "2013.??.??"]
[EventType "corr"]
[EventRounds "2"]
[SourceDate "2010.08.23"]

1. b3 e5 2. Bb2 Nc6 3. e3 d6 4. Nf3 Nf6 5. d3 g6 6. h3 Bg7 7. Nbd2 O-O 8. c4
Re8 9. Be2 d5 10. O-O d4 11. e4 Nh5 12. Nh2 Nf4 13. f3 Qg5 14. Ng4 h5 15. Rf2
f5 16. Nh2 Qg3 17. Nhf1 Nxh3+ 18. Kh1 Nxf2+ 19. Kg1 Nxd1 20. Nxg3 Nxb2 21. Rb1
Nxd3 22. Bxd3 Nb4 23. Bf1 Nxa2 24. Rb2 Nb4 0-1

[Event "MT_Kubacek"]
[Site "?"]
[Date "2013.??.??"]
[Round "?"]
[White "Lucan, Zdenko"]
[Black "Fejfar, Vlastimil"]
[Result "0-1"]
[WhiteElo "1593"]
[BlackElo "2167"]
[PlyCount "58"]
[EventDate "2013.??.??"]
[EventType "corr"]
[EventRounds "2"]
[SourceDate "2010.08.23"]

1. e4 e5 2. f4 exf4 3. Bc4 Nf6 4. Nc3 c6 5. Nf3 b5 6. Be2 b4 7. Na4 Qa5 8. b3
Bd6 9. d3 O-O 10. h3 Nh5 11. O-O Ng3 12. Rf2 Re8 13. Nh2 f5 14. Bxf4 Bxf4 15.
Rxf4 Qe5 16. Rf2 fxe4 17. d4 Qg5 18. Bg4 h5 19. Be2 d5 20. Nf1 Bxh3 21. Nxg3
Qxg3 22. Bxh5 e3 23. Re2 Rf8 24. Qe1 Qg5 25. g4 Rf3 26. Kh2 Bxg4 27. Bxg4 Qxg4
28. Rg2 Qh5+ 29. Kg1 Rh3 0-1

[Event "MT_Kubacek"]
[Site "?"]
[Date "2013.??.??"]
[Round "?"]
[White "Vins, Karel"]
[Black "Goc, Pavel"]
[Result "0-1"]
[WhiteElo "1774"]
[BlackElo "2142"]
[PlyCount "42"]
[EventDate "2013.??.??"]
[EventType "corr"]
[EventRounds "2"]
[SourceDate "2010.08.23"]

1. e4 e5 2. Nf3 Nc6 3. Bc4 Bc5 4. b4 Bxb4 5. c3 Ba5 6. d4 exd4 7. O-O Nge7 8.
cxd4 d5 9. exd5 Nxd5 10. Ba3 Be6 11. Qe2 Qd7 12. Bb5 f6 13. Nbd2 Nc3 14. Qd3
Nxb5 15. Qxb5 Bxd2 16. Nxd2 O-O-O 17. Bb2 Nxd4 18. Qxd7+ Rxd7 19. Ne4 Bc4 20.
Nc5 Rd5 21. Bxd4 Bxf1 0-1

[Event "MT_Kubacek"]
[Site "?"]
[Date "2013.??.??"]
[Round "?"]
[White "Ptacek, Jiri"]
[Black "Smolka, Jan"]
[Result "0-1"]
[WhiteElo "1820"]
[BlackElo "2134"]
[PlyCount "58"]
[EventDate "2013.??.??"]
[EventType "corr"]
[EventRounds "2"]
[SourceDate "2010.08.23"]

1. c4 e5 2. Nc3 Bb4 3. Qb3 Ba5 4. e4 d6 5. d3 Nc6 6. Nf3 f5 7. Bd2 Nd4 8. Nxd4
exd4 9. Nb1 Bxd2+ 10. Nxd2 Nf6 11. exf5 O-O 12. O-O-O Ng4 13. Ne4 Bxf5 14. h3
Bxe4 15. hxg4 Bc6 16. f3 a5 17. a3 Qg5+ 18. Kb1 Qe3 19. Qc2 Rae8 20. Qd2 Qxd2
21. Rxd2 Re1+ 22. Kc2 Rfe8 23. Rf2 Ra1 24. Kb3 a4+ 25. Kb4 b6 26. g5 Bd7 27. c5
dxc5+ 28. Kc4 Re5 29. Rc2 b5# 0-1

[Event "MT_Kubacek"]
[Site "?"]
[Date "2013.??.??"]
[Round "?"]
[White "Stepan, Josef"]
[Black "Kyzlink, Vladimir"]
[Result "0-1"]
[WhiteElo "1859"]
[BlackElo "1923"]
[PlyCount "32"]
[EventDate "2013.??.??"]
[EventType "corr"]
[EventRounds "2"]
[SourceDate "2010.08.23"]

1. c4 e5 2. g3 Nf6 3. Bg2 c6 4. Nc3 d5 5. cxd5 cxd5 6. d3 d4 7. Ne4 Nxe4 8.
Bxe4 Bb4+ 9. Bd2 Qa5 10. Bxb4 Qxb4+ 11. Qd2 Qxd2+ 12. Kxd2 Na6 13. Rc1 Rb8 14.
Nf3 f6 15. Bd5 Ke7 16. Rc4 Kd6 0-1

[Event "MT_Kubacek"]
[Site "?"]
[Date "2013.??.??"]
[Round "?"]
[White "Svoboda, Josef"]
[Black "Pressl, Ladislav"]
[Result "0-1"]
[WhiteElo "1898"]
[BlackElo "1922"]
[PlyCount "26"]
[EventDate "2013.??.??"]
[EventType "corr"]
[EventRounds "2"]
[SourceDate "2010.08.23"]

1. Nf3 d5 2. g3 c5 3. Bg2 Nc6 4. d3 Nf6 5. O-O e5 6. e4 dxe4 7. dxe4 Bg4 8.
Qxd8+ Rxd8 9. Bg5 Be7 10. Nc3 Bxf3 11. Bxf3 Nd4 12. Bd1 h6 13. Bf3 Nxf3+ 0-1

[Event "MT_Kubacek"]
[Site "?"]
[Date "2013.??.??"]
[Round "?"]
[White "Pressl, Ladislav"]
[Black "Stepan, Josef"]
[Result "0-1"]
[WhiteElo "1922"]
[BlackElo "1859"]
[PlyCount "32"]
[EventDate "2013.??.??"]
[EventType "corr"]
[EventRounds "2"]
[SourceDate "2010.08.23"]

1. e4 d6 2. d4 Nf6 3. Nc3 g6 4. Nf3 Bg7 5. h3 O-O 6. Bd3 c5 7. e5 dxe5 8. dxe5
Nd5 9. Bd2 Nc6 10. Qe2 e6 11. O-O-O Qc7 12. Rhe1 a6 13. Bc4 Nxc3 14. Bxc3 b5
15. Rd6 bxc4 16. Qxc4 Nxe5 0-1

[Event "MT_Kubacek"]
[Site "?"]
[Date "2013.??.??"]
[Round "?"]
[White "Kyzlink, Vladimir"]
[Black "Ptacek, Jiri"]
[Result "1-0"]
[WhiteElo "1923"]
[BlackElo "1820"]
[PlyCount "79"]
[EventDate "2013.??.??"]
[EventType "corr"]
[EventRounds "2"]
[SourceDate "2010.08.23"]

1. e4 c5 2. Nf3 d6 3. d4 cxd4 4. Nxd4 Nf6 5. Nc3 a6 6. f4 e6 7. Be2 Be7 8. O-O
O-O 9. Be3 Nc6 10. Nb3 h6 11. Bf3 Qc7 12. Qd2 b5 13. a3 Bb7 14. Rad1 Rad8 15.
Qf2 Rd7 16. Rd2 Ne8 17. Rfd1 Kh8 18. Bb6 Qc8 19. Nc5 Rc7 20. Bxc7 Qxc7 21. Nxb7
Qxb7 22. e5 d5 23. Nxd5 exd5 24. Rxd5 Nc7 25. Rd6 Bxd6 26. Rxd6 Qc8 27. Rxc6
Rd8 28. Qb6 Kh7 29. Qxc7 Qd7 30. Qxd7 Rxd7 31. Rxa6 Rd2 32. Rb6 Rxc2 33. Rxb5
Rc1+ 34. Kf2 Rc4 35. Rb4 Rc2+ 36. Ke3 Rc1 37. a4 Rb1 38. a5 Ra1 39. Rb5 g6 40.
Bb7 1-0

[Event "MT_Kubacek"]
[Site "?"]
[Date "2013.??.??"]
[Round "?"]
[White "Smolka, Jan"]
[Black "Vins, Karel"]
[Result "1-0"]
[WhiteElo "2134"]
[BlackElo "1774"]
[PlyCount "59"]
[EventDate "2013.??.??"]
[EventType "corr"]
[EventRounds "2"]
[SourceDate "2010.08.23"]

1. e4 e5 2. Nf3 Nc6 3. Bb5 a6 4. Bxc6 dxc6 5. O-O Bd6 6. d4 Bg4 7. dxe5 Bxf3 8.
Qxf3 Bxe5 9. Nd2 Qf6 10. Nc4 Qxf3 11. gxf3 Bd6 12. Be3 f6 13. Rfd1 Rd8 14. Rd3
Be7 15. Na5 Rxd3 16. cxd3 b5 17. Rc1 Nh6 18. Rxc6 Kd7 19. Rxa6 Nf7 20. d4 Rc8
21. Nc6 Nd8 22. Nxe7 Kxe7 23. Kf1 Kd7 24. Ke2 Rb8 25. f4 Nc6 26. d5 Nd8 27. e5
fxe5 28. fxe5 c6 29. dxc6+ Nxc6 30. e6+ 1-0

[Event "MT_Kubacek"]
[Site "?"]
[Date "2013.??.??"]
[Round "?"]
[White "Goc, Pavel"]
[Black "Lucan, Zdenko"]
[Result "1-0"]
[WhiteElo "2142"]
[BlackElo "1593"]
[PlyCount "39"]
[EventDate "2013.??.??"]
[EventType "corr"]
[EventRounds "2"]
[SourceDate "2010.08.23"]

1. e4 d6 2. d4 Nf6 3. Nc3 e6 4. Be3 Be7 5. f4 Nbd7 6. Qf3 O-O 7. O-O-O c6 8. g4
h6 9. h4 Nh7 10. g5 hxg5 11. hxg5 Bxg5 12. fxg5 Nxg5 13. Qh5 f6 14. Be2 Qe8 15.
Qh8+ Kf7 16. Bh5+ g6 17. Bxg6+ Kxg6 18. Rh6+ Kf7 19. Rh7+ Kg6 20. Rg7# 1-0